[Event "IV Open Internacional Calvia"]
[Site "Calvia"]
[Date "2007.10.20"]
[Round "6.47"]
[White "Cerdo Fernandez, Miguel"]
[Black "Babar, Michael"]
[Result "1/2-1/2"]
[WhiteElo "1990"]
[BlackElo "2160"]
[PlyCount "117"]
[EventDate "2007.??.??"]

1. e4 c5 2. Nf3 d6 3. d4 cxd4 4. Nxd4 Nf6 5. Nc3 a6 6. Be2 Nc6 7. O-O Qc7 8.
Bg5 Nxd4 9. Qxd4 e5 10. Qa4+ Bd7 11. Bb5 Rc8 12. Bxd7+ Nxd7 13. Nd5 Qc6 14. Qa3
h6 15. Qh3 Nc5 16. Rfe1 Ne6 17. Be3 Be7 18. Rad1 Bd8 19. Qg4 h5 20. Qh3 Qd7 21.
Re2 Nc5 22. Qf3 Qg4 23. Qxg4 hxg4 24. Bxc5 Rxc5 25. Ne3 Ke7 26. Nf5+ Kf8 27.
Rxd6 Bc7 28. Rd7 g6 29. Ne3 Kg7 30. Nxg4 Rd8 31. Rxd8 Bxd8 32. Rd2 Bg5 33. Re2
Ra5 34. b3 Rxa2 35. h4 Bxh4 36. Nxe5 Bf6 37. Nd3 Bc3 38. f3 b5 39. e5 a5 40.
Kf2 a4 41. bxa4 bxa4 42. Ke3 a3 43. Nc1 Rb2 44. Kd3 Bb4 45. c4 Bc5 46. Na2 Rb3+
47. Ke4 g5 48. Kd5 Rb2 49. Rxb2 axb2 50. Nc3 Bb4 51. Nb1 Kf8 52. g3 Be1 53. g4
Ke7 54. c5 Ba5 55. Na3 Bb4 56. Nb1 Ba5 57. Na3 Bb4 58. Nb1 Ba5 59. Na3 1/2-1/2

[Event "IV Open Internacional Calvia"]
[Site "Calvia"]
[Date "2007.10.20"]
[Round "6.48"]
[White "Cruz Condori, Alfredo"]
[Black "Dominguez Garcia, Juan Antonio"]
[Result "1-0"]
[WhiteElo "2149"]
[BlackElo "2001"]
[PlyCount "73"]
[EventDate "2007.??.??"]

1. c4 e5 2. Nc3 Nc6 3. a3 f5 4. e3 Nf6 5. d4 e4 6. h4 d6 7. h5 Be7 8. Nge2 Ng4
9. Nf4 Bh4 10. g3 Bf6 11. Be2 Nh6 12. b4 O-O 13. Bb2 a5 14. b5 Nb8 15. c5 dxc5
16. Qb3+ Kh8 17. dxc5 Qe7 18. Ncd5 Qf7 19. Bxf6 gxf6 20. Ng6+ Kg7 21. Nxf8 c6
22. Ng6 hxg6 23. hxg6 Qxd5 24. Bc4 Qe5 25. Ke2 Nd7 26. Bf7 Nxc5 27. Rxh6 Nxb3
28. Rh7+ Kf8 29. Rh8+ Kg7 30. Rh7+ Kf8 31. Rh8+ Kg7 32. Rg8+ Kh6 33. Rh1+ Kg5
34. Rgh8 Qb2+ 35. Kf1 Nd2+ 36. Kg2 Nf3 37. g7 1-0

[Event "IV Open Internacional Calvia"]
[Site "Calvia"]
[Date "2007.10.20"]
[Round "6.49"]
[White "Cortes, Eduardo"]
[Black "Levine, Yonatan"]
[Result "1-0"]
[WhiteElo "2106"]
[BlackElo "1984"]
[PlyCount "45"]
[EventDate "2007.??.??"]

1. e4 g6 2. d4 Bg7 3. h4 Nf6 4. e5 Nd5 5. h5 d6 6. hxg6 hxg6 7. Rxh8+ Bxh8 8.
c4 Nb6 9. exd6 cxd6 10. Nc3 Nc6 11. Be3 Bf5 12. Qd2 Qc8 13. Rc1 Qd8 14. f3 e5
15. d5 Nd4 16. Nge2 Nxe2 17. Nxe2 Bf6 18. b3 Bg7 19. Nc3 Rc8 20. Qf2 Nd7 21. g4
Bf6 22. Kd1 Bh4 23. Qg2 1-0

[Event "IV Open Internacional Calvia"]
[Site "Calvia"]
[Date "2007.10.20"]
[Round "6.50"]
[White "Oliver Serrano, Angel"]
[Black "Campos Calvo-Sotelo, Juan"]
[Result "0-1"]
[WhiteElo "2094"]
[BlackElo "1971"]
[PlyCount "48"]
[EventDate "2007.??.??"]

1. e4 e6 2. d4 a6 3. c4 b5 4. cxb5 axb5 5. Bxb5 Bb7 6. Bd3 f5 7. exf5 Bxg2 8.
Qh5+ g6 9. fxg6 Bg7 10. gxh7+ Kf8 11. Nf3 Nf6 12. Qg6 Bxf3 13. Rg1 Qe7 14. Bh6
Rxh7 15. Qg3 Rxh6 16. Qxf3 Nc6 17. Nd2 Rb8 18. Nb3 Nxd4 19. Nxd4 Qb4+ 20. Kf1
Qxd4 21. Rd1 Qh4 22. Rg2 Qh5 23. Qxh5 Nxh5 24. Rg4 Rxb2 0-1

[Event "IV Open Internacional Calvia"]
[Site "Calvia"]
[Date "2007.10.20"]
[Round "6.51"]
[White "Schmitz, Andreas Arnold"]
[Black "Thollin, Robert"]
[Result "1/2-1/2"]
[WhiteElo "2093"]
[BlackElo "1964"]
[PlyCount "81"]
[EventDate "2007.??.??"]

1. e4 d6 2. Nf3 Nf6 3. Nc3 g6 4. Bc4 Bg7 5. d3 Nc6 6. h3 Na5 7. Bb5+ c6 8. Ba4
b5 9. Bb3 Nxb3 10. axb3 Bb7 11. Be3 a6 12. Qd2 h6 13. Nh2 Qc7 14. Ng4 Ng8 15.
f4 e6 16. e5 dxe5 17. Nxe5 c5 18. O-O Ne7 19. Qf2 Rc8 20. Ne4 Bxe4 21. dxe4 O-O
22. Rxa6 Rfd8 23. Ra2 Nc6 24. Nxc6 Qxc6 25. e5 c4 26. b4 Bf8 27. c3 Rd3 28. Qf3
Qxf3 29. Rxf3 Rcd8 30. Ra5 R8d5 31. Ra8 Kg7 32. Re8 Rd1+ 33. Kh2 Rd8 34. Rxd8
Rxd8 35. Rf1 Rd3 36. Re1 Be7 37. g3 g5 38. fxg5 Bxg5 39. Bxg5 hxg5 40. Re2 Kg6
41. g4 1/2-1/2

[Event "IV Open Internacional Calvia"]
[Site "Calvia"]
[Date "2007.10.20"]
[Round "6.53"]
[White "Ignacz, Rozsa"]
[Black "Larsson, Daniel"]
[Result "1-0"]
[WhiteElo "2079"]
[BlackElo "1962"]
[PlyCount "61"]
[EventDate "2007.??.??"]

1. d4 e6 2. c4 f5 3. Nc3 Nf6 4. g3 Bb4 5. Bg2 d6 6. Qa4+ Bd7 7. Qxb4 Nc6 8.
Bxc6 Bxc6 9. Nf3 h6 10. Qb3 a5 11. d5 a4 12. Qd1 Bd7 13. O-O e5 14. Re1 g5 15.
e4 f4 16. Kf1 g4 17. Nh4 f3 18. Be3 Qe7 19. Qd2 Qh7 20. Qd3 Rg8 21. b4 Rg5 22.
Red1 Rh5 23. Ke1 Ke7 24. Kd2 a3 25. Rab1 Be8 26. Rh1 Bd7 27. Rhc1 Be8 28. c5
Rd8 29. Rb3 c6 30. cxd6+ Kxd6 31. dxc6+ 1-0

[Event "IV Open Internacional Calvia"]
[Site "Calvia"]
[Date "2007.10.20"]
[Round "6.54"]
[White "Castell Cantero, Salvador"]
[Black "Antoniacci, Riccardo"]
[Result "1-0"]
[WhiteElo "2073"]
[BlackElo "1935"]
[PlyCount "55"]
[EventDate "2007.??.??"]

1. d4 Nf6 2. c4 e6 3. Nf3 b6 4. e3 Bb7 5. Bd3 d5 6. O-O Nbd7 7. Qe2 Be7 8. Rd1
O-O 9. Nc3 Re8 10. e4 dxe4 11. Bxe4 Nxe4 12. Nxe4 Nf6 13. Nxf6+ Bxf6 14. Be3
Qe7 15. Nd2 Rad8 16. Nb3 a5 17. a4 Qb4 18. Qc2 Ba6 19. Rdc1 Rd7 20. c5 Red8 21.
Bd2 Qxb3 22. Qxb3 Bxd4 23. Be3 bxc5 24. Rd1 e5 25. h3 c4 26. Qc2 c5 27. Qf5 f6
28. Qe6+ 1-0

[Event "IV Open Internacional Calvia"]
[Site "Calvia"]
[Date "2007.10.20"]
[Round "6.55"]
[White "Moreno Mateos, Jose Luis"]
[Black "Mandic, Milenko"]
[Result "0-1"]
[WhiteElo "1931"]
[BlackElo "2064"]
[PlyCount "84"]
[EventDate "2007.??.??"]

1. e4 d6 2. d4 Nf6 3. Nc3 g6 4. Bg5 Bg7 5. e5 Ng8 6. Nf3 c6 7. h4 h6 8. Bf4 d5
9. Qd2 Bf5 10. O-O-O b5 11. Re1 e6 12. Nh2 h5 13. Bg5 Qb6 14. f3 Nh6 15. Be2 a5
16. g4 hxg4 17. Nxg4 Ng8 18. Ne3 Ne7 19. Bf6 Bxf6 20. exf6 Ng8 21. Nxf5 gxf5
22. Bd3 b4 23. Na4 Qxd4 24. Bxf5 Qxf6 25. Bg4 Nd7 26. Qe3 Ne7 27. Nb6 d4 28.
Nxd7 Kxd7 29. Qe4 Kc7 30. h5 Nd5 31. Rh2 a4 32. Rd2 c5 33. Qe2 a3 34. Qc4 axb2+
35. Kb1 Nc3+ 36. Kxb2 Rxa2+ 37. Kb3 Ra3+ 38. Kb2 Na4+ 39. Kb1 d3 40. c3 Nxc3+
41. Kc1 Ra1+ 42. Kb2 Na4+ 0-1

[Event "IV Open Internacional Calvia"]
[Site "Calvia"]
[Date "2007.10.20"]
[Round "6.56"]
[White "Wahl, Peter"]
[Black "Mollet, Rene"]
[Result "1-0"]
[WhiteElo "2100"]
[BlackElo "1874"]
[PlyCount "63"]
[EventDate "2007.??.??"]

1. d4 Nf6 2. c4 g6 3. g3 Bg7 4. Bg2 O-O 5. e4 d6 6. Ne2 Nbd7 7. O-O e5 8. d5
Qe8 9. f3 Nh5 10. Be3 f5 11. Bf2 Kh8 12. Nd2 a5 13. Nc3 c6 14. dxc6 bxc6 15.
Nb3 Ba6 16. Nxa5 d5 17. Nxc6 Rc8 18. cxd5 Bxf1 19. Bxf1 Nhf6 20. a3 Nb8 21. Bb5
Nxc6 22. Bxc6 Qf7 23. Bc5 Rfd8 24. Qe2 fxe4 25. fxe4 h5 26. a4 Ng4 27. a5 Bh6
28. a6 Rxc6 29. dxc6 Rd2 30. a7 Rxe2 31. a8=Q+ Kg7 32. Nxe2 1-0

[Event "IV Open Internacional Calvia"]
[Site "Calvia"]
[Date "2007.10.20"]
[Round "6.57"]
[White "Abadia Pascual, Luis"]
[Black "Schmitz, Manuela"]
[Result "1/2-1/2"]
[WhiteElo "1979"]
[BlackElo "2035"]
[PlyCount "59"]
[EventDate "2007.??.??"]

1. e4 e6 2. d4 d5 3. Nc3 Bb4 4. exd5 exd5 5. Bd3 Nc6 6. a3 Bxc3+ 7. bxc3 Nge7
8. Qf3 Be6 9. Ne2 Qd7 10. O-O O-O-O 11. h3 Bf5 12. Ng3 Bxd3 13. cxd3 f6 14. Rb1
Rde8 15. Bd2 Ng6 16. Rfe1 Nd8 17. Nf5 Re6 18. Rxe6 Nxe6 19. h4 Re8 20. h5 Ne7
21. h6 Nxf5 22. Qxf5 g6 23. Qxf6 Rf8 24. Qh4 Qd6 25. Re1 Rf5 26. Qh3 Kd7 27. g4
Rf6 28. Qe3 c6 29. Qe5 Rf7 30. Kg2 1/2-1/2

[Event "IV Open Internacional Calvia"]
[Site "Calvia"]
[Date "2007.10.20"]
[Round "6.61"]
[White "Dominguez Almansa, Flora"]
[Black "Lucena Cifre, Rafael Jose"]
[Result "0-1"]
[WhiteElo "1408"]
[BlackElo "1922"]
[PlyCount "48"]
[EventDate "2007.??.??"]

1. e4 e6 2. d4 d5 3. Nc3 Bb4 4. e5 Ne7 5. a3 Bxc3+ 6. bxc3 c5 7. Qg4 Nf5 8. Bd3
h5 9. Qg5 Qxg5 10. Bxg5 cxd4 11. Bxf5 exf5 12. cxd4 Nc6 13. Nf3 Be6 14. O-O O-O
15. c3 Rfc8 16. Bd2 Na5 17. Rfc1 Nb3 18. h3 Rc4 19. Be1 Nxa1 20. Rxa1 Rac8 21.
Rb1 b6 22. Bd2 Bd7 23. Ne1 Ba4 24. Nd3 Bc2 0-1

[Event "IV Open Internacional Calvia"]
[Site "Calvia"]
[Date "2007.10.20"]
[Round "6.65"]
[White "Russo, Carmelo"]
[Black "Moragues Liebana, Salvador"]
[Result "1-0"]
[WhiteElo "1702"]
[BlackElo "1604"]
[PlyCount "63"]
[EventDate "2007.??.??"]

1. d4 Nf6 2. c4 g6 3. Nc3 Bg7 4. e4 d6 5. Be2 e5 6. dxe5 Nfd7 7. exd6 Bxc3+ 8.
bxc3 O-O 9. dxc7 Qxc7 10. Bh6 Re8 11. Qd4 Qe5 12. f3 Nc6 13. Qxe5 Ndxe5 14. f4
Ng4 15. Bxg4 Bxg4 16. e5 f5 17. Nf3 Bxf3 18. gxf3 Rad8 19. Bg5 Rd3 20. O-O Rxc3
21. Rab1 b6 22. Rb3 Rc2 23. Rd3 Rxc4 24. Rd7 Re6 25. Rc7 b5 26. Rd1 Nd4 27.
Rxa7 Nxf3+ 28. Kh1 Nd4 29. Bh6 Rec6 30. Rg7+ Kh8 31. Rd7 Ne6 32. Rd8+ 1-0

[Event "IV Open Internacional Calvia"]
[Site "Calvia"]
[Date "2007.10.20"]
[Round "6.66"]
[White "Kuenitz, Klaus"]
[Black "Alemany Jara, Alejandro"]
[Result "1/2-1/2"]
[WhiteElo "1695"]
[BlackElo "1559"]
[PlyCount "46"]
[EventDate "2007.??.??"]

1. e4 e6 2. d4 d5 3. e5 c5 4. c3 Qb6 5. Nf3 Nc6 6. Be2 cxd4 7. cxd4 Nh6 8. Nc3
Nf5 9. Bb5 Bb4 10. Bxc6+ bxc6 11. O-O O-O 12. g4 Ne7 13. h4 c5 14. Na4 Qd8 15.
Nxc5 Qc7 16. Bg5 h6 17. Bxe7 Qxe7 18. Rc1 Rb8 19. b3 Bd7 20. Nxd7 Qxd7 21. Qd3
Qb5 22. Qxb5 Rxb5 23. Rc2 Ba3 1/2-1/2

[Event "IV Open Internacional Calvia"]
[Site "Calvia"]
[Date "2007.10.21"]
[Round "7.1"]
[White "Malakhatko, Vadim"]
[Black "Mikhalevski, Victor"]
[Result "0-1"]
[WhiteElo "2596"]
[BlackElo "2584"]
[PlyCount "66"]
[EventDate "2007.??.??"]

1. c4 Nf6 2. Nc3 d5 3. cxd5 Nxd5 4. g3 e5 5. Bg2 Nb6 6. Nf3 Nc6 7. d3 Be7 8. a4
a5 9. Be3 O-O 10. O-O Bg4 11. Nd2 Rb8 12. Bxb6 cxb6 13. Nc4 Be6 14. Bxc6 Bxc4
15. Bb5 Be6 16. Bc4 Bg4 17. Qb3 Bb4 18. Rfc1 h5 19. Rc2 h4 20. Ne4 Rc8 21. Rac1
Rc7 22. Kg2 Bf5 23. f3 h3+ 24. Kf2 Rd7 25. e3 Kh8 26. Ke2 Bxe4 27. fxe4 Qg5 28.
Rf1 f5 29. Kd1 fxe4 30. Rxf8+ Bxf8 31. Qxb6 Qf5 32. Rd2 exd3 33. Ke1 Bb4 0-1

[Event "IV Open Internacional Calvia"]
[Site "Calvia"]
[Date "2007.10.21"]
[Round "7.4"]
[White "Mchedlishvili, Mikheil"]
[Black "Manik, Mikulas"]
[Result "1-0"]
[WhiteElo "2631"]
[BlackElo "2420"]
[PlyCount "47"]
[EventDate "2007.??.??"]

1. Nf3 g6 2. d4 Bg7 3. e4 d6 4. Bc4 Nf6 5. Qe2 O-O 6. O-O Nc6 7. e5 Ne8 8. h3
Na5 9. Bd3 c5 10. dxc5 dxe5 11. Nxe5 Qd5 12. Re1 Qxc5 13. c3 Nd6 14. Bf4 Nc6
15. Na3 Be6 16. Nc2 Rfe8 17. Nxc6 Qxc6 18. Be5 Bf5 19. Bxg7 Bxd3 20. Qxd3 Kxg7
21. Qd4+ f6 22. Rad1 Nf5 23. Qd7 Qb6 24. Nd4 1-0

[Event "IV Open Internacional Calvia"]
[Site "Calvia"]
[Date "2007.10.21"]
[Round "7.6"]
[White "Kuzubov, Yuriy"]
[Black "Heberla, Bartlomiej"]
[Result "1-0"]
[WhiteElo "2582"]
[BlackElo "2502"]
[PlyCount "61"]
[EventDate "2007.??.??"]

1. d4 d5 2. c4 dxc4 3. Nf3 a6 4. e3 b5 5. a4 Bb7 6. b3 cxb3 7. axb5 axb5 8.
Rxa8 Bxa8 9. Bxb5+ c6 10. Bc4 Nd7 11. O-O e6 12. Qxb3 Be7 13. e4 Ngf6 14. Ng5
Qb8 15. Qa2 c5 16. Bxe6 fxe6 17. Nxe6 Bxe4 18. Nc3 Bd3 19. Nxg7+ Kd8 20. Bf4
Qb7 21. Ra1 Nf8 22. dxc5 Rg8 23. Qa8+ Qxa8 24. Rxa8+ Kd7 25. Ra7+ Kc6 26. Rxe7
Kxc5 27. Ne6+ Nxe6 28. Rxe6 Nd5 29. Be3+ Nxe3 30. Rxe3 Kd4 31. Ne2+ 1-0

[Event "IV Open Internacional Calvia"]
[Site "Calvia"]
[Date "2007.10.21"]
[Round "7.9"]
[White "Movsziszian, Karen"]
[Black "Arencibia, Rodriguez Walter"]
[Result "1/2-1/2"]
[WhiteElo "2531"]
[BlackElo "2562"]
[PlyCount "129"]
[EventDate "2007.??.??"]

1. e4 c5 2. b3 Nc6 3. Bb2 e6 4. Nf3 d6 5. Bb5 Bd7 6. O-O Nf6 7. Re1 Be7 8. d4
cxd4 9. Nxd4 O-O 10. a4 Qc7 11. Na3 Rad8 12. Qf3 a6 13. Bf1 Ne5 14. Qg3 Qc5 15.
h3 Ng6 16. c4 Bc8 17. Nac2 b6 18. Ba3 Qc7 19. Nb4 Bb7 20. Bd3 Nd7 21. Rad1 Nc5
22. Bc2 Bf6 23. Bc1 Rfe8 24. Re2 Qc8 25. Nf3 a5 26. Na2 d5 27. exd5 exd5 28.
Rxe8+ Rxe8 29. cxd5 Re2 30. Bd2 Bxd5 31. Nc1 Ne4 32. Bxe4 Rxe4 33. Bg5 Bxg5 34.
Nxg5 Re8 35. Rxd5 Qxc1+ 36. Kh2 Nf4 37. Qf3 Qc7 38. Rf5 Ne2+ 39. g3 Nd4 40. Qh5
Nxf5 41. Qxh7+ Kf8 42. Qxf5 Qe7 43. h4 g6 44. Qf4 Kg7 45. Kg2 Qf6 46. Qc4 Re5
47. Ne4 Qe6 48. Qc3 Kg8 49. f3 Qe7 50. g4 f5 51. gxf5 Rxf5 52. Qc6 Kg7 53. Qxb6
Qxh4 54. Qa7+ Kh6 55. Qa8 Qe7 56. Qh8+ Qh7 57. Qd8 g5 58. Nf2 Qg7 59. Ng4+ Kh7
60. Qd3 Qg6 61. Qe4 Rf4 62. Qd5 Qc2+ 63. Kg3 Qc7 64. Kg2 Qc2+ 65. Kg3 1/2-1/2

[Event "IV Open Internacional Calvia"]
[Site "Calvia"]
[Date "2007.10.21"]
[Round "7.10"]
[White "Spraggett, Kevin"]
[Black "Fernandez Romero, Ernesto"]
[Result "1-0"]
[WhiteElo "2580"]
[BlackElo "2459"]
[PlyCount "75"]
[EventDate "2007.??.??"]

1. e4 e6 2. d4 d5 3. Nc3 Bb4 4. e5 c5 5. a3 Bxc3+ 6. bxc3 Ne7 7. Nf3 Qa5 8. Bd2
Nbc6 9. h4 cxd4 10. cxd4 Qa4 11. Rb1 Nxd4 12. Bd3 Nec6 13. Bb4 Bd7 14. Nxd4
Nxd4 15. O-O Nc6 16. Bd6 b6 17. Qh5 Qf4 18. g3 Qh6 19. Qg4 f5 20. exf6 gxf6 21.
Rfe1 e5 22. Bf5 O-O-O 23. Qa4 Kb7 24. Bd3 Nb8 25. Qa5 Bb5 26. Qxb5 Rxd6 27. c4
Rg8 28. Bf1 e4 29. c5 Rd7 30. cxb6 a6 31. Qa4 Rdg7 32. Qd4 Qh5 33. Rec1 Qe5 34.
Rc7+ Rxc7 35. bxc7+ Kxc7 36. Qa7+ Kd6 37. Rxb8 Rxg3+ 38. Bg2 1-0

[Event "IV Open Internacional Calvia"]
[Site "Calvia"]
[Date "2007.10.21"]
[Round "7.11"]
[White "Maze, Sebastien"]
[Black "Zugic, Igor"]
[Result "1/2-1/2"]
[WhiteElo "2576"]
[BlackElo "2477"]
[PlyCount "85"]
[EventDate "2007.??.??"]

1. e4 e6 2. d4 d5 3. Nc3 Bb4 4. e5 c5 5. a3 Ba5 6. b4 cxd4 7. Nb5 Bc7 8. f4 Ne7
9. Nf3 Bd7 10. Nxc7+ Qxc7 11. Bd3 Nf5 12. Bb2 Nc6 13. Qe2 h5 14. O-O a6 15.
Rfe1 Kf8 16. Qf2 Rh6 17. Rac1 Kg8 18. c4 dxc3 19. Rxc3 Qd8 20. Rc5 Nce7 21. Ng5
Rc8 22. Rxc8 Bxc8 23. Rc1 Bd7 24. Qa7 f6 25. Nf3 Bc6 26. exf6 gxf6 27. Nd4 Nxd4
28. Qxd4 Kf7 29. Re1 Nf5 30. Bxf5 exf5 31. Qe3 d4 32. Qe6+ Kg6 33. Rd1 Qd5 34.
Qxd5 Bxd5 35. Rxd4 Be4 36. Rd6 Kf7 37. Kf2 Ke7 38. Rd2 Rg6 39. g3 h4 40. gxh4
Rg2+ 41. Ke3 Rxd2 42. Kxd2 Kf7 43. Ke3 1/2-1/2

[Event "IV Open Internacional Calvia"]
[Site "Calvia"]
[Date "2007.10.21"]
[Round "7.12"]
[White "Iturrizaga, Eduardo"]
[Black "Strikovic, Aleksa"]
[Result "0-1"]
[WhiteElo "2435"]
[BlackElo "2551"]
[PlyCount "49"]
[EventDate "2007.??.??"]

1. d4 Nf6 2. Nf3 g6 3. c4 Bg7 4. Nc3 d6 5. e4 O-O 6. Be2 c5 7. O-O Nc6 8. d5
Na5 9. h3 e5 10. Ne1 Nd7 11. Nb5 Nb6 12. Na3 f5 13. Bd2 Nd7 14. Nb5 Nf6 15.
exf5 gxf5 16. Nxd6 Qxd6 17. Bxa5 f4 18. f3 e4 19. fxe4 Nxe4 20. Nc2 Bxb2 21.
Rb1 Bg7 22. Bg4 b6 23. Re1 Bxg4 24. Qxg4 Rae8 25. Re2 0-1

[Event "IV Open Internacional Calvia"]
[Site "Calvia"]
[Date "2007.10.21"]
[Round "7.13"]
[White "Romanishin, Oleg M"]
[Black "Teran Alvarez, Ismael"]
[Result "1/2-1/2"]
[WhiteElo "2547"]
[BlackElo "2402"]
[PlyCount "62"]
[EventDate "2007.??.??"]

1. d4 Nf6 2. Nf3 g6 3. g3 Bg7 4. Bg2 d5 5. c4 dxc4 6. Ne5 O-O 7. Nc3 c6 8. Nxc4
Be6 9. Ne5 Nbd7 10. Nf3 Nd5 11. O-O Nxc3 12. bxc3 Bd5 13. Qc2 c5 14. e4 Bc4 15.
Rd1 cxd4 16. cxd4 Rc8 17. Qd2 Qb6 18. Ba3 Qa6 19. Bxe7 Rfe8 20. Qb4 Be2 21.
Rdc1 Rxc1+ 22. Rxc1 Qd3 23. Qa3 Qxe4 24. Bg5 Qf5 25. h4 Nf6 26. Bxf6 Bxf6 27.
Re1 Qd7 28. Ne5 Qxd4 29. Rxe2 Rxe5 30. Rxe5 Bxe5 31. Bxb7 Kg7 1/2-1/2

[Event "IV Open Internacional Calvia"]
[Site "Calvia"]
[Date "2007.10.21"]
[Round "7.14"]
[White "Arakhamia-Grant, Ketevan"]
[Black "Peralta, Fernando"]
[Result "1/2-1/2"]
[WhiteElo "2432"]
[BlackElo "2546"]
[PlyCount "110"]
[EventDate "2007.??.??"]

1. e4 d6 2. d4 Nf6 3. Nc3 g6 4. Be3 c6 5. Qd2 Nbd7 6. Nf3 e5 7. h3 Bg7 8. dxe5
dxe5 9. Bc4 Qe7 10. a3 O-O 11. O-O Nc5 12. Ng5 b5 13. b4 Nb7 14. Bd3 a5 15. Ne2
c5 16. Nc3 Rd8 17. Qc1 c4 18. Be2 Bd7 19. Bb6 Rdc8 20. bxa5 Nxa5 21. Rb1 Ra6
22. Be3 Qe8 23. Rd1 Bc6 24. Nd5 Bxd5 25. exd5 Nb7 26. Nf3 Nd6 27. c3 Nd7 28.
Ne1 Nc5 29. Nc2 Nb3 30. Qb2 Nf5 31. Nb4 Rd6 32. Bc1 Nxc1 33. Qxc1 Ne7 34. Qe3
Qd7 35. Bf3 f5 36. Nc6 e4 37. Nxe7+ Qxe7 38. Be2 Qd7 39. f3 Rxd5 40. fxe4 Rxd1+
41. Rxd1 Qe7 42. Bf3 Qc5 43. Qxc5 Rxc5 44. exf5 gxf5 45. Rd5 Bxc3 46. Kf1 Rxd5
47. Bxd5+ Kg7 48. Bc6 b4 49. axb4 Bxb4 50. Bb5 c3 51. Bd3 Kf6 52. Ke2 Ke5 53.
Kd1 h6 54. Kc2 f4 55. Be2 Kd4 1/2-1/2

[Event "IV Open Internacional Calvia"]
[Site "Calvia"]
[Date "2007.10.21"]
[Round "7.16"]
[White "Aloma Vidal, Robert"]
[Black "Cabrera, Alexis"]
[Result "0-1"]
[WhiteElo "2398"]
[BlackElo "2499"]
[PlyCount "220"]
[EventDate "2007.??.??"]

1. d4 f5 2. c4 Nf6 3. Nc3 e6 4. Nf3 Bb4 5. Bf4 b6 6. e3 Bb7 7. Be2 Bxc3+ 8.
bxc3 d6 9. c5 dxc5 10. dxc5 Qxd1+ 11. Rxd1 Nd5 12. Be5 Nd7 13. c4 N5f6 14. c6
Bxc6 15. Bxc7 Ne4 16. Nd4 Rc8 17. Bg3 Ke7 18. O-O Nc3 19. Rd3 Nxe2+ 20. Nxe2
Ba4 21. Rc1 a6 22. Bd6+ Kf6 23. f4 Bc6 24. Nd4 Bb7 25. Rb3 Rhd8 26. a4 Be4 27.
a5 b5 28. Rbc3 bxc4 29. Rxc4 Rxc4 30. Rxc4 h6 31. Rc7 g5 32. Ra7 gxf4 33. exf4
Bd5 34. Rxa6 Rc8 35. Ra7 Rc1+ 36. Kf2 Nc5 37. Be5+ Kg6 38. Ke2 Ra1 39. Rg7+ Kh5
40. Nxf5 Ra2+ 41. Ke3 exf5 42. Kd4 Ne6+ 43. Kxd5 Nxg7 44. Bxg7 Rxa5+ 45. Ke6
Kg6 46. Be5 Ra6+ 47. Bd6 Ra2 48. h4 h5 49. g3 Rg2 50. Kd5 Rxg3 51. Be7 Rd3+ 52.
Ke6 Re3+ 53. Kd6 Kf7 54. Bg5 Re4 55. Kd5 Re1 56. Kd6 Ra1 57. Ke5 Ra5+ 58. Kd6
Rb5 59. Bd8 Rb1 60. Bg5 Re1 61. Kd5 Re4 62. Kd6 Ke8 63. Bh6 Kd8 64. Bg5+ Kc8
65. Bh6 Kb7 66. Bg5 Kb6 67. Bf6 Rxf4 68. Ke5 Rf1 69. Bg5 Kc6 70. Bf4 Rh1 71.
Bg5 Rf1 72. Bf4 Rf2 73. Kxf5 Kd5 74. Kg5 Ke4 75. Bd6 Rd2 76. Be7 Rd5+ 77. Kg6
Kf4 78. Bg5+ Kg4 79. Kf6 Rd6+ 80. Ke5 Rg6 81. Ke4 Re6+ 82. Kd4 Kf3 83. Kd5 Re4
84. Bf6 Ra4 85. Bg5 Kg4 86. Ke5 Rb4 87. Bd8 Rb5+ 88. Ke4 Rb8 89. Bg5 Re8+ 90.
Kd4 Kf5 91. Kd3 Kg4 92. Kd4 Kf3 93. Kd5 Re4 94. Bf6 Kf4 95. Bd8 Kf5 96. Bg5 Rg4
97. Bd8 Rg8 98. Be7 Rg7 99. Bf8 Rd7+ 100. Kc6 Rd8 101. Be7 Re8 102. Bg5 Rg8
103. Be7 Ke6 104. Bc5 Rc8+ 105. Kb5 Kd5 106. Ba7 Rc2 107. Kb4 Rh2 108. Kb3 Rxh4
109. Kc3 Ke4 110. Kd2 Kf3 0-1

[Event "IV Open Internacional Calvia"]
[Site "Calvia"]
[Date "2007.10.21"]
[Round "7.17"]
[White "Bykhovsky, Anatoly"]
[Black "Drazic, Sinisa"]
[Result "1/2-1/2"]
[WhiteElo "2364"]
[BlackElo "2493"]
[PlyCount "249"]
[EventDate "2007.??.??"]

1. d4 Nf6 2. Nf3 g6 3. c4 c5 4. d5 b5 5. cxb5 a6 6. b6 Bg7 7. Nc3 Qxb6 8. e4 d6
9. Be2 O-O 10. O-O Nbd7 11. Re1 Rb8 12. h3 Re8 13. Rb1 Qc7 14. Bf1 e6 15. dxe6
Rxe6 16. Bc4 Re8 17. Bf4 Rb4 18. Bxd6 Qc6 19. b3 Nh5 20. e5 Nb6 21. Nd5 Nxc4
22. Nxb4 cxb4 23. bxc4 a5 24. Qd5 Qa6 25. Ng5 Qa7 26. c5 Nf4 27. Qd2 Ne6 28.
Ne4 Rd8 29. c6 Bxe5 30. Qd5 Bg7 31. Rbd1 h6 32. Nc5 Rxd6 33. Qxd6 Bf8 34. Qd7
Bxd7 35. cxd7 Bxc5 36. Rxe6 Bxf2+ 37. Kh1 Bh4 38. Re4 Bf6 39. Rd6 Kg7 40. Rxf6
Qxd7 41. Rf2 Qd1+ 42. Kh2 Qd6+ 43. g3 g5 44. Ree2 h5 45. Rd2 Qe5 46. Rde2 Qc7
47. Rc2 Qd6 48. Rcd2 Qc5 49. h4 gxh4 50. gxh4 Qe5+ 51. Kh3 Qe6+ 52. Kh2 Qe5+
53. Kh3 Qe3+ 54. Kh2 Qe4 55. Rg2+ Kf8 56. Kh3 Qf3+ 57. Kh2 Qf4+ 58. Kh3 Qf5+
59. Kh2 Qe5+ 60. Kh3 Qe3+ 61. Kh2 Qe1 62. Kh3 a4 63. Rde2 Qf1 64. Ref2 Qh1+ 65.
Kg3 Ke7 66. Re2+ Kd6 67. Rd2+ Ke5 68. Rde2+ Kd5 69. Ref2 Qe1 70. Kh2 Qe5+ 71.
Kh3 Qe6+ 72. Kh2 Qe5+ 73. Kh3 f6 74. Rf3 Qe6+ 75. Kh2 Qd6+ 76. Kh3 Ke4 77. Rff2
Qd7+ 78. Kh2 Qc7+ 79. Kh3 Qc8+ 80. Kh2 Qb8+ 81. Kh3 b3 82. axb3 axb3 83. Rd2
Qc8+ 84. Kh2 Qb8+ 85. Kh3 f5 86. Rde2+ Kd3 87. Rb2 f4 88. Rg1 Qb7 89. Kh2 Ke4
90. Re1+ Kf5 91. Reb1 Qe7 92. Rxb3 Qxh4+ 93. Rh3 Qf2+ 94. Kh1 h4 95. Rbb3 Qf1+
96. Kh2 Kg4 97. Ra3 Qf2+ 98. Kh1 Qd2 99. Rab3 Kf5 100. Ra3 Ke4 101. Rab3 Kd4
102. Ra3 Qc2 103. Rab3 Kc4 104. Ra3 Qd1+ 105. Kg2 Qe2+ 106. Kg1 Kd4 107. Rab3
Qd1+ 108. Kg2 Qe2+ 109. Kg1 Kc4 110. Ra3 Qd1+ 111. Kg2 Qe2+ 112. Kh1 Qe4+ 113.
Kg1 Kd5 114. Rab3 Qe1+ 115. Kg2 Qe2+ 116. Kg1 Ke4 117. Ra3 Kf5 118. Rab3 Kg4
119. Kh1 Qe4+ 120. Kg1 Qe5 121. Kg2 f3+ 122. Rbxf3 Qd5 123. Kg1 Qd1+ 124. Kg2
Qd2+ 125. Kg1 1/2-1/2

[Event "IV Open Internacional Calvia"]
[Site "Calvia"]
[Date "2007.10.21"]
[Round "7.19"]
[White "Martinez Martin, David"]
[Black "Orlov, Andrey"]
[Result "0-1"]
[WhiteElo "2400"]
[BlackElo "2481"]
[PlyCount "68"]
[EventDate "2007.??.??"]

1. d4 Nf6 2. c4 e6 3. Nf3 b6 4. e3 Bb7 5. Bd3 c5 6. O-O Be7 7. Nc3 d6 8. d5
exd5 9. cxd5 O-O 10. e4 Nbd7 11. Bf4 a6 12. a4 Re8 13. Nd2 Nf8 14. Nc4 Ng6 15.
Bg3 Bc8 16. f4 Bf8 17. e5 Bg4 18. Qd2 Nh5 19. f5 Nxe5 20. Bxe5 dxe5 21. h3 Bxh3
22. gxh3 Nf4 23. Kh2 Qh4 24. Rf3 Nxd3 25. Rxd3 Qxc4 26. d6 e4 27. Rd5 e3 28.
Qg2 Rad8 29. f6 Qf4+ 30. Kh1 Qxf6 31. d7 Re5 32. Rf1 Qe6 33. Rxe5 Qxe5 34. Qg4
h5 0-1

[Event "IV Open Internacional Calvia"]
[Site "Calvia"]
[Date "2007.10.21"]
[Round "7.20"]
[White "Marzolo, Cyril"]
[Black "Fierro Baquero, Martha L"]
[Result "1-0"]
[WhiteElo "2478"]
[BlackElo "2345"]
[PlyCount "39"]
[EventDate "2007.??.??"]

1. d4 g6 2. e4 Bg7 3. Nc3 c6 4. Be3 d5 5. e5 Nh6 6. Qd2 Nf5 7. Bf4 h5 8. Nf3
Qa5 9. a3 Na6 10. Be2 b5 11. O-O O-O 12. h3 c5 13. b4 cxb4 14. axb4 Qd8 15. g4
hxg4 16. hxg4 Qd7 17. gxf5 Qxf5 18. Nxd5 Qg4+ 19. Bg3 Bb7 20. Nxe7+ 1-0